000 00609nam a22001817a 4500
999 _c328678
_d328678
003 Nust
005 20170413172659.0
008 170404b xxu||||| |||| 00| 0 eng d
020 _a9698779078
040 _c0
082 _a363.7 CII
245 _aEnvironmentally Sustainable Development:
_bVol-I-II-III
_cChief Editor [Iftikhar Ahmed Raja]
260 _aAbbottabad
_bCIIT
_c2005
300 _a762+p.
500 _aP.B
942 _2ddc
_cBK
_k363.7 CII